| 000 | 01081nam a2200289 a 4500 | ||
|---|---|---|---|
| 001 | 000011496 | ||
| 005 | 20240530073912.0 | ||
| 008 | 091019s1975 dr 000 f spa d | ||
| 040 |
_aDO-SdBNP _bspa _cBNPHU |
||
| 082 |
_aRD863.4 _bC422c, 1975 |
||
| 100 | 1 |
_aCestero, Tulio M., _q(Tulio Manuel), _d1877-1955 _91698 |
|
| 245 | 1 | 3 |
_aCiudad romántica ; _bSangre solar / _cTulio M. Cestero. |
| 260 |
_aSanto Domingo : _bUASD, _c1975. |
||
| 300 |
_a131 p. ; _c18 cm. |
||
| 490 | 1 |
_aPublicaciones de la Universidad Autónoma de Santo Domingo _v114 |
|
| 490 | 1 |
_aArte y sociedad _v3 |
|
| 501 | _aPublicado con: Sangre solar | ||
| 563 | _aDos obras encuadernadas juntas con paginación contínua | ||
| 590 | _aInventariado, 2019/BT | ||
| 650 | 0 |
_aNovela dominicana _9223 |
|
| 650 | 0 |
_aLiteratura dominicana. _967 |
|
| 710 | 1 | 2 |
_aUniversidad Autónoma de Santo Domingo _972951 |
| 740 | 0 | 2 | _aSangre solar |
| 830 | 0 |
_aArte y Sociedad _n3 _927224 |
|
| 830 |
_aPublicaciones de la Universidad Autónoma de Santo Domingo ; _n1150 _911848 |
||
| 910 | _aValidado. Control de calidad. MMOLINA | ||
| 999 |
_c11197 _d11197 |
||